Central Library OPAC University of Rajshahi

রাজশাহীর প্রথম ইসলাম প্রচারক তুরকান শাহ শহীদ / (Record no. 76913)

MARC details
000 -LEADER
fixed length control field 01092nam a22002537a 4500
001 - CONTROL NUMBER
control field 76913
003 - CONTROL NUMBER IDENTIFIER
rucl marc code BD-RjUL
005 - DATE AND TIME OF LATEST TRANSACTION
control field 20211209082914.0
008 - FIXED-LENGTH DATA ELEMENTS--GENERAL INFORMATION
fixed length control field 200204s2019 bg ||||| |||| 00| 0 ben d
020 ## - INTERNATIONAL STANDARD BOOK NUMBER
International Standard Book Number 9789843459404
035 ## - SYSTEM CONTROL NUMBER
System control number (BD-RjUL)77137
040 ## - CATALOGING SOURCE
Original cataloging agency BD-RjUL
Language of cataloging eng
Transcribing agency BD-RjUL
041 ## - LANGUAGE CODE
Language code of text/sound track or separate title eng
082 ## - DEWEY DECIMAL CLASSIFICATION NUMBER
Edition number 23
Classification number 297.61
Author mark and year ASR 2019
100 ## - MAIN ENTRY--PERSONAL NAME
9 (RLIN) 238744
Personal name আসাদুল্লাহ, আবু নোমান মো.
245 ## - TITLE STATEMENT
Title রাজশাহীর প্রথম ইসলাম প্রচারক তুরকান শাহ শহীদ /
Statement of responsibility, etc. আবু নোমান মো. আসাদুল্লাহ
260 ## - PUBLICATION, DISTRIBUTION, ETC. (IMPRINT)
Place of publication, distribution, etc. রাজশাহী :
Name of publisher, distributor, etc. হেরিটেজ রাজশাহী,
Date of publication, distribution, etc. ২০১৯
300 ## - PHYSICAL DESCRIPTION
Pagination ২০৮ পৃ. ;
Size ২২ সেমি.
490 ## - SERIES STATEMENT
Series statement বরেন্দ্র জীবনী গ্রন্থমালা-৪
504 ## - BIBLIOGRAPHY, ETC. NOTE
Bibliography, etc বিবলিওগ্রাফি ও ইনডেক্স সম্বলিত।
600 ## - SUBJECT ADDED ENTRY--PERSONAL NAME
Personal name Shahid, Turkan Shah
650 ## - SUBJECT ADDED ENTRY--TOPICAL TERM
Topical term or geographic name as entry element Islamic preaching
9 (RLIN) 238885
942 ## - ADDED ENTRY ELEMENTS (KOHA)
Source of classification or shelving scheme Dewey Decimal Classification
Koha item type Books
Holdings
Lost status Source of classification or shelving scheme Damaged status Not for loan Permanent Location Current Location Shelving location Date acquired Source of acquisition Cost, normal purchase price Total Checkouts Full call number Date last seen Copy number Koha item type
  Dewey Decimal Classification   Not For Loan Central Library, University of Rajshahi Central Library, University of Rajshahi Reading Room 08/12/2019 Author 200.00   B 297.61 ASR 2019 05/02/2020 C-1 Books
  Dewey Decimal Classification     Central Library, University of Rajshahi Central Library, University of Rajshahi   08/12/2019 Author 200.00   B 297.61 ASR 2019 05/02/2020 C-2 Books